Tout sur Batman - Statistiques

Statistiques générales
  • Ce quiz a été pris 238 fois
  • Le résultat moyen est 46 sur 105
Statistiques - réponses
Indice Réponse % Correct
Véritable identité de Batman Bruce Wayne
99%
Ville de Batman Gotham City
99%
Sa voiture Batmobile
96%
Le quartier général de Batman Batcave
90%
Son majordome l'ayant élevé après la mort de ses parents Alfred Pennyworth
89%
Ville secondaire où se trouve également un asile Arkham City
88%
Son arme de lancer principale Batarang
86%
Psychopathe imprévisible et plus grand ennemi de Batman Joker
84%
Son organisation ralliant lui et tout une équipe de super-héros Justice League
84%
Film (2017) Justice League
81%
Cambrioleuse obsédée par les chats Catwoman
79%
Ancien procureur devenu criminel après avoir été défiguré Double-Face
79%
Ancienne psychiatre tombée amoureuse du plus grand criminel de la ville Harley Quinn
76%
Eco-terroriste, capable de contrôler les plantes et envoûter ses ennemis Poison Ivy
75%
Equipière de Batman, elle fut blessée et l'aide maintenant en tant qu'Oracle Barbara Gordon
73%
Trafiquant d'armes, il dirige la pègre et possède un physique disgracieux Le Pingouin
72%
Criminel surhumain ayant crée une substance nommée Venin Bane
71%
Série animée (Depuis 2019) Harley Quinn
71%
Film (2022) | Série animée (2004-2008) The Batman
71%
Film (1966) | Film (1989) Batman
69%
Date de création de Batman 1939
68%
Immortel chef de la Ligue des assassins Ra's Al Ghul
68%
Psychiatre utilisant une toxine pour plonger ses victimes dans la terreur L'Epouvantail
67%
Scientifique cherchant désespérément un remède pour soigner sa femme Mister Freeze
67%
Second Robin il fut "tué" puis revient à la vie en tant que justicier brutal Jason Todd
65%
Génie obsédé par les énigmes, cherchant a prouver sa supériorité intellectuelle L'Homme mystère
65%
Editeur ayant crée Batman DC comics
64%
Mère de Batman Martha Wayne
64%
Père de Batman Thomas Wayne
63%
Ancien acrobate, il rejoint Batman en tant que bras-droit Dick Grayson
62%
Homme atteint d'une mutation génétique, le transformant en crocodile Killer Croc
60%
Tireur d'élite hors pair et tueur à gages redoutable Deadshot
59%
Fille du chef de la Ligue des assassins et amante de Batman Talia Al Ghul
58%
Quatrième Robin, élevé par la ligue des assassins Damian Wayne
57%
Responsable de Wayne enterprises, conçoit l'équipement de Batman Lucius Fox
57%
Mercenaire surhumain et surentrainé, il possède un lourd arsenal Deathstroke
56%
Troisième Robin, détective brillant se démarquant par son intelligence Tim Drake
56%
Son avion de combat Batwing
53%
Jeu (2009) Batman Arkham Asylum
51%
Jeu (2015) Batman Arkham Knight
51%
Trafiquant d'armes, il cache son identité à l'aide d'un masque crane Black Mask
51%
Pyromane, il utilise un jet pack et un lance-flammes Firefly
51%
Psychiatre et scientifique obsédé par Batman, ayant découvert sa véritable identité Hugo Strange
51%
Criminel obsédé par Alice au pays des merveilles Le chapelier fou
51%
Jeu (2011) Batman Arkham City
50%
Acteur Christian Bale
50%
Ancien acteur pouvant prendre la forme de n'importe qui Gueule d'argile
50%
Justicier extrémiste lié à l'Ordre de Saint-Dumas Azrael
49%
Scientifique transformé créature après une expérience ratée Man-Bat
49%
Film (2008) The Dark Knight
49%
Acteur Robert Pattinson
47%
Film (2005) Batman Begins
46%
Film (1997) Batman et Robin
46%
Commissaire de police, collaborant avec Batman pour protéger la ville Jim Gordon
46%
Acteur Ben Affleck
44%
Acteur George Clooney
42%
Film (2012) The Dark Knight Rises
42%
Mort-vivant immortel Solomon Grundy
41%
Jeu (2013) Batman Arkham Origins
40%
Acteur Michael Keaton
39%
Film (1995) Batman Forever
38%
Gel qu'il répand sur des surfaces pour les exploser Gel explosif
37%
Film (2016) Batman V Superman : Dawn of Justice
36%
Mafieux schizophrène toujours accompagné de sa marionnette Le Ventriloque/Scarface
36%
Nom du premier comics Batman Detective comics
35%
Chirurgien brillant et ancien ami de Batman Hush
35%
Variante de son grappin permettant d'arracher des objets Bat-griffe
34%
Acteur Val Kilmer
34%
Tueur en série psychopathe se marquant le corps à chaque nouvelle victime Victor Zsasz
34%
Film (2023) The Flash
31%
Jeune hackeur et anarchiste cherchant à renverser la ville Anarky
30%
Acteur Adam West
29%
Jeu (2024) Suicide Squad : Kill the Justice League
29%
Sa moto Batcycle
28%
Tueur en série obsédé par les calendrier et les douze mois de l'année, sévissant les jours férié Calandar man
25%
Film (1992) Batman Returns
23%
Jeu (2022) Gotham Knights
23%
Ancien exterminateur devenu criminel, utilisant des rats pour attaquer ses ennemis Ratcatcher
23%
Chirurgien fou mutilant ses victimes dans le but de les rendre "parfaites" Professor Pyg
21%
Série animée (1992-1995) Batman : The Animated Series
15%
Criminel utilisant une combinaison électrifiée pour attaquer ses ennemis L'Electrocuteur
14%
Mégalomane se prenant pour l'incarnation de Zeus Maxie Zeus
14%
Super-criminel voulant être l'anti-Batman, mais souvent considéré comme un raté Killer Moth
12%
Série animée (1999-2001) Batman Beyond
8%
Film (2021) Zack Snyder's Justice League
8%
Film animé (2012-2013) Batman : The Dark Knight Returns
6%
Série animée (2008-2011) Batman : The Brave and the Bold
5%
Jeu (2017) Batman : The Enemy Within
5%
Jeu (2016) Batman : The Telltale Series
5%
Film animé (2010) Batman : Under the Red Hood
5%
Film animé (1993) Batman : Mask of the Phantasm
4%
Film animé (2016) Batman : The Killing Joke
4%
Film anime (2014) Batman : Assault on Arkham
3%
Série animée (2024-) Batman : Caped Crusader
3%
Série animée (2013-2014) Beware The Batman
3%
Equivalent maléfique de Batman, entraîné pour détruire les justiciers Prometheus
3%
Film animé (1998) Batman & Mr. Freeze : SubZero
2%
Série animée (1997-1999) The New Batman Adventures
2%
Film animé (2000) Batman Beyond : Return of the Joker
1%
Film animé (2003) Batman : Mystery of the Batwoman
1%
Acteur Lewis Wilson
1%
Acteur Robert Lowery
1%
Film animé (2017) Batman and Harley Quinn
0%
Aucun quiz correspondant
Distribution des résultats
% des personnes avec chaque résultat
Percentile par nombre de réponses
Votre historique - résultats
Vous n’avez pas pris ce quiz